Marine biology / (Record no. 20772)
[ view plain ]
| 000 -LEADER | |
|---|---|
| fixed length control field | 00465cam a2200169 i 4500 |
| 020 ## - INTERNATIONAL STANDARD BOOK NUMBER | |
| ISBN | 9780078023064 |
| 020 ## - INTERNATIONAL STANDARD BOOK NUMBER | |
| ISBN | 0078023068 |
| 040 ## - CATALOGING SOURCE | |
| Transcribing agency | DLC |
| 082 00 - DEWEY DECIMAL CLASSIFICATION NUMBER | |
| Classification number | 578 CAS 2019 A006 Or. |
| 100 1# - MAIN ENTRY--AUTHOR NAME | |
| Personal name | Castro, Peter, |
| 245 10 - TITLE STATEMENT | |
| Title | Marine biology / |
| 250 ## - EDITION STATEMENT | |
| Edition statement | Tenth edition |
| 300 ## - PHYSICAL DESCRIPTION | |
| Number of Pages | 29, 462 pages, 2 unnumbered pages of plates (folded) : |
| Other physical details | color illustrations, color maps ; |
| Dimensions | 29 cm |
| 650 #0 - SUBJECT ADDED ENTRY--TOPICAL TERM | |
| Topical Term | Marine biology |
| 700 1# - ADDED ENTRY--PERSONAL NAME | |
| Personal name | Huber, Michael E., |
| 942 ## - ADDED ENTRY ELEMENTS (KOHA) | |
| Koha item type | ADB |
| 952 ## - LOCATION AND ITEM INFORMATION (KOHA) | |
| Withdrawn status [LOCAL, KOHA] | 0 |
| Permanent Location | Date acquired | Koha item type | Lost status | Shelving location | Barcode | Current Location | Full call number |
|---|---|---|---|---|---|---|---|
| Library Block A | 2022-11-25 | ADB | A028 | a069695 | Library Block A | 578 CAS 2019 A028 Or. |